[Event "XV Konik Morski Rewala - Open B"]
[Site "Rewal"]
[Date "2010.08.20"]
[Round "2.11"]
[White "Statucki, Maciej"]
[Black "Koziej, Maciej"]
[Result "0-1"]
[WhiteElo "1832"]
[BlackElo "2025"]
[PlyCount "61"]
[EventDate "2010.??.??"]

1. e4 c5 2. Nf3 e6 3. Nc3 a6 4. d4 cxd4 5. Nxd4 Qc7 6. a3 Nf6 7. Be3 b5 8. Bd3
Bb7 9. O-O Nc6 10. h3 Nxd4 11. Bxd4 Bc5 12. Bxc5 Qxc5 13. Qe2 d6 14. Kh1 e5 15.
f4 Nd7 16. Qg4 g6 17. f5 Nf6 18. Qh4 Nh5 19. Ne2 Qe3 20. Rf3 Qd2 21. fxg6 hxg6
22. Raf1 g5 23. Qg4 Bc8 24. Rf5 Bxf5 25. Qxf5 Nf4 26. Kh2 Rc8 27. Rf2 Qe3 28.
Rf3 Qa7 29. Nc3 Rxc3 30. bxc3 Qd7 31. Qxg5 0-1

[Event "XV Konik Morski Rewala - Open B"]
[Site "Rewal"]
[Date "2010.08.20"]
[Round "2.12"]
[White "Kaczmarek, Aleksander"]
[Black "Galaszewski, Patryk"]
[Result "1-0"]
[WhiteElo "2012"]
[BlackElo "1829"]
[PlyCount "53"]
[EventDate "2010.??.??"]

1. e4 d6 2. d4 Nf6 3. Nc3 c6 4. f4 Qa5 5. Bd3 e5 6. Nf3 Bg4 7. dxe5 dxe5 8.
fxe5 Bxf3 9. Qxf3 Qxe5 10. Bf4 Qe6 11. O-O Bc5+ 12. Kh1 Nbd7 13. e5 Nd5 14. Ne4
h6 15. Bg3 O-O 16. Rae1 Nb4 17. Nxc5 Nxc5 18. Bf5 Qe7 19. Qg4 Nd5 20. c4 Nb4
21. Bh4 g5 22. Qh5 Kg7 23. Bb1 Nd7 24. e6 gxh4 25. exd7 Qg5 26. Qf3 Rad8 27.
Qc3+ 1-0

[Event "XV Konik Morski Rewala - Open B"]
[Site "Rewal"]
[Date "2010.08.20"]
[Round "2.13"]
[White "Bednarski, Dawid"]
[Black "Krajewicz, Pawel"]
[Result "1/2-1/2"]
[WhiteElo "1822"]
[BlackElo "2005"]
[PlyCount "65"]
[EventDate "2010.??.??"]

1. e4 c5 2. Nf3 Nc6 3. d4 cxd4 4. Nxd4 Nf6 5. Nc3 e6 6. Be3 Bb4 7. Bd3 O-O 8.
O-O Ne5 9. h3 d5 10. exd5 exd5 11. Nce2 a6 12. Ng3 g6 13. c3 Be7 14. Bc2 Nc4
15. Bh6 Re8 16. b3 Nd6 17. Re1 Bd7 18. Qd2 Rc8 19. Bd3 Qa5 20. Rac1 Bb5 21.
Nxb5 Nxb5 22. Bxb5 Qxb5 23. Qf4 Nd7 24. Nf5 Ba3 25. Rcd1 Qc6 26. Qd4 Qf6 27.
Qxf6 Nxf6 28. Ne3 Bc5 29. Kf1 Bf8 30. Bxf8 Kxf8 31. Nxd5 Rxe1+ 32. Kxe1 Nxd5
33. Rxd5 1/2-1/2

[Event "XV Konik Morski Rewala - Open B"]
[Site "Rewal"]
[Date "2010.08.20"]
[Round "2.14"]
[White "Zakrzewski, Marek"]
[Black "Strumilo, Slawomir"]
[Result "1-0"]
[WhiteElo "1991"]
[BlackElo "1821"]
[PlyCount "111"]
[EventDate "2010.??.??"]

1. e4 c5 2. Nc3 e6 3. Nge2 d5 4. exd5 exd5 5. Nf4 Nf6 6. Bb5+ Nc6 7. Qe2+ Be7
8. O-O O-O 9. Ncxd5 Nxd5 10. Nxd5 Qxd5 11. Bxc6 Qxc6 12. Qxe7 Re8 13. Qg5 h6
14. Qg3 Re6 15. f3 Rg6 16. Qh4 Bf5 17. d3 Re8 18. Bd2 Re2 19. Rf2 Rge6 20. Raf1
Qe8 21. Qc4 b6 22. Qf4 Bg6 23. Rxe2 Rxe2 24. Rf2 Kh7 25. Kf1 Re7 26. h4 f6 27.
Bc3 Qf7 28. a3 Qe6 29. Qd2 Qd7 30. Re2 Qe8 31. Qe1 Rxe2 32. Qxe2 Qxe2+ 33. Kxe2
Kg8 34. Bd2 Kf7 35. Bf4 a6 36. Bc7 b5 37. Bd6 c4 38. dxc4 Bxc2 39. c5 Ke6 40.
Kd2 Bb3 41. Kc3 Bd5 42. Kb4 Bc6 43. Ka5 b4 44. Kxb4 g6 45. a4 h5 46. Ka5 g5 47.
hxg5 fxg5 48. b3 g4 49. fxg4 hxg4 50. Kxa6 Bxg2 51. b4 Kd7 52. b5 Bd5 53. b6
Kc8 54. Ka7 Bc6 55. a5 Bb7 56. a6 1-0

[Event "XV Konik Morski Rewala - Open B"]
[Site "Rewal"]
[Date "2010.08.20"]
[Round "2.15"]
[White "Botor, Michal"]
[Black "Czornik, Janusz"]
[Result "1/2-1/2"]
[WhiteElo "1987"]
[BlackElo "1814"]
[PlyCount "30"]
[EventDate "2010.??.??"]

1. e4 e6 2. d3 d5 3. Qe2 Nf6 4. Nf3 Be7 5. e5 Nfd7 6. g3 c5 7. Bg2 Nc6 8. O-O
b5 9. Re1 Qc7 10. Bf4 Bb7 11. Nbd2 O-O 12. h4 c4 13. d4 b4 14. Nf1 a5 15. N1h2
Ba6 1/2-1/2

[Event "XV Konik Morski Rewala - Open B"]
[Site "Rewal"]
[Date "2010.08.20"]
[Round "2.16"]
[White "Grabowski, Jan"]
[Black "Czernicki, Bogdan"]
[Result "1/2-1/2"]
[WhiteElo "1807"]
[BlackElo "1960"]
[PlyCount "41"]
[EventDate "2010.??.??"]

1. d4 Nf6 2. c4 c5 3. d5 b5 4. cxb5 a6 5. b6 Qxb6 6. Nc3 g6 7. e4 d6 8. Be2 Bg7
9. Nf3 O-O 10. Nd2 Bd7 11. O-O Bb5 12. Qb3 Nbd7 13. Nxb5 axb5 14. Bxb5 Rfb8 15.
a4 Ne5 16. Nc4 Nxc4 17. Qxc4 Ne8 18. Rb1 Nc7 19. Bc6 Ra6 20. Bd2 Qb3 21. Qe2
1/2-1/2

[Event "XV Konik Morski Rewala - Open B"]
[Site "Rewal"]
[Date "2010.08.20"]
[Round "2.17"]
[White "Ziebinski, Bartosz"]
[Black "Kaczmarek, Alicja"]
[Result "1/2-1/2"]
[WhiteElo "1954"]
[BlackElo "1806"]
[PlyCount "91"]
[EventDate "2010.??.??"]

1. e4 c5 2. Nc3 Nc6 3. g3 g6 4. Bg2 Bg7 5. d3 e6 6. Be3 d6 7. Qd2 Rb8 8. Nge2
b5 9. O-O Nd4 10. Nc1 Bd7 11. Nd1 Nc6 12. c3 Nge7 13. Bh6 O-O 14. Bxg7 Kxg7 15.
Ne3 f5 16. Ne2 Qc7 17. f4 Rbe8 18. h3 e5 19. Rad1 Be6 20. a3 Rd8 21. d4 Bb3 22.
Rc1 fxe4 23. Bxe4 d5 24. Bg2 cxd4 25. cxd4 e4 26. Rf2 Bc4 27. Rc3 Qb6 28. Nc1
Qxd4 29. Qxd4+ Nxd4 30. b3 Ne6 31. bxc4 d4 32. Nd5 dxc3 33. Nxe7 e3 34. Rf1
bxc4 35. Nd5 Nd4 36. Nxe3 Rfe8 37. Nxc4 Nf5 38. Kf2 c2 39. Bf3 Rd4 40. Ne5 Red8
41. Re1 Rd2+ 42. Be2 Nd4 43. Ned3 Nxe2 44. Rxe2 R8xd3 45. Nxd3 Rxd3 46. Rxc2
1/2-1/2

[Event "XV Konik Morski Rewala - Open B"]
[Site "Rewal"]
[Date "2010.08.20"]
[Round "2.18"]
[White "Faron, Rafal"]
[Black "Grabowski, Adam"]
[Result "0-1"]
[WhiteElo "1760"]
[BlackElo "1952"]
[PlyCount "118"]
[EventDate "2010.??.??"]

1. d4 Nf6 2. c4 c5 3. d5 b5 4. a4 bxc4 5. Nc3 d6 6. e4 g6 7. Bxc4 Bg7 8. f4 O-O
9. Nf3 Nbd7 10. O-O Rb8 11. Qc2 Qb6 12. Rb1 Ba6 13. b3 Ne8 14. Bb2 Nc7 15. Ba1
Qa5 16. Nd2 Nf6 17. Ne2 Qb6 18. h3 e6 19. dxe6 fxe6 20. f5 gxf5 21. exf5 d5 22.
Bxa6 Nxa6 23. fxe6 Qxe6 24. Nf4 Qe3+ 25. Kh1 Nb4 26. Qf5 Qxd2 27. Ne6 Qh6 28.
Nxg7 Kxg7 29. Qe5 Rb6 30. Rf5 Rf7 31. Rbf1 d4 32. Qxc5 Nc6 33. a5 Ra6 34. Qb5
Ne7 35. R5f4 Rd6 36. Bxd4 Ned5 37. Rf5 Ne7 38. R5f4 Rxd4 39. Rxd4 Ng6 40. Rd6
Qh4 41. a6 Qg3 42. Qc5 Nh4 43. Qc6 Qg5 44. b4 Nf5 45. Rxf5 Qxf5 46. b5 Qf1+ 47.
Kh2 Qf4+ 48. Kg1 Qe3+ 49. Kh2 Qe5+ 50. Kg1 Qe3+ 51. Kh2 Qf4+ 52. Kg1 Re7 53.
Rd1 Qe3+ 54. Kh2 Ne4 55. Rd7 Qg3+ 56. Kg1 Qe3+ 57. Kh2 Nc5 58. Rxe7+ Qxe7 59.
g3 Nd7 0-1

[Event "XV Konik Morski Rewala - Open B"]
[Site "Rewal"]
[Date "2010.08.20"]
[Round "2.19"]
[White "Snihur, Piotr"]
[Black "Swiech, Piotr"]
[Result "1-0"]
[WhiteElo "1731"]
[BlackElo "1943"]
[PlyCount "115"]
[EventDate "2010.??.??"]

1. e4 e6 2. d4 d5 3. e5 c5 4. c3 Nc6 5. Nf3 Qb6 6. a3 a5 7. Bd3 Bd7 8. Bc2 f6
9. O-O fxe5 10. Nxe5 Nxe5 11. dxe5 Ne7 12. f4 g6 13. Nd2 Bh6 14. Rb1 O-O 15. g3
Rad8 16. Nf3 Bb5 17. Rf2 Nc6 18. Ba4 Qa6 19. Bxb5 Qxb5 20. Kg2 d4 21. cxd4 Nxd4
22. Qf1 Qxf1+ 23. Rxf1 Nb3 24. Be3 Rd3 25. Kf2 Rfd8 26. Ke2 b5 27. Rfd1 c4 28.
Nd2 Nd4+ 29. Bxd4 R8xd4 30. Nf3 Re4+ 31. Kf2 Bf8 32. Ng5 Bc5+ 33. Kf1 Ree3 34.
Rxd3 cxd3 35. Re1 d2 36. Rd1 b4 37. a4 b3 38. Rxd2 Bb4 39. Rd1 Bc5 40. Rd8+ Bf8
41. Nxe6 Kf7 42. Nxf8 Re4 43. Nxh7 Rxa4 44. Ng5+ Ke7 45. Rb8 Ra1+ 46. Ke2 a4
47. Kd2 Rh1 48. Kc3 Rxh2 49. Kb4 Rxb2 50. Kxa4 Ra2+ 51. Kxb3 Rg2 52. Rb7+ Ke8
53. Ne4 Re2 54. Nf6+ Kf8 55. Kc4 g5 56. Nh7+ Ke8 57. Nxg5 Rc2+ 58. Kb3 1-0

[Event "XV Konik Morski Rewala - Open B"]
[Site "Rewal"]
[Date "2010.08.20"]
[Round "2.20"]
[White "Mirski, Michal"]
[Black "Knap, Jerzy"]
[Result "1-0"]
[WhiteElo "1700"]
[BlackElo "1931"]
[PlyCount "85"]
[EventDate "2010.??.??"]

1. e4 c6 2. d4 d5 3. Nd2 dxe4 4. Nxe4 Bf5 5. Ng3 Bg6 6. h4 h6 7. Nf3 Nd7 8. Bd3
Bxd3 9. Qxd3 Qc7 10. Bd2 Ngf6 11. O-O-O e6 12. Kb1 O-O-O 13. Ne4 Nxe4 14. Qxe4
Nf6 15. Qe2 Bd6 16. g3 Rhe8 17. Rhe1 Kb8 18. c4 c5 19. Bc3 cxd4 20. Nxd4 a6 21.
Nb3 Qe7 22. a3 Kc8 23. c5 Bc7 24. c6 Rxd1+ 25. Rxd1 Rd8 26. cxb7+ Kxb7 27. Rc1
Rd5 28. Qc4 Bb6 29. a4 Qc7 30. Qe2 Qd7 31. a5 Ba7 32. Nd2 Qb5 33. Nc4 Bd4 34.
Bxd4 Rxd4 35. Qf3+ Qd5 36. Qc3 Ne4 37. Qb4+ Qb5 38. Nd6+ Rxd6 39. Qxe4+ Qd5 40.
Qb4+ Ka7 41. Rc7+ Ka8 42. Rc8+ Ka7 43. Qb8# 1-0

[Event "XV Konik Morski Rewala - Open B"]
[Site "Rewal"]
[Date "2010.08.20"]
[Round "2.21"]
[White "Szolc, Grzegorz"]
[Black "Jacel, Lukasz"]
[Result "1/2-1/2"]
[WhiteElo "1678"]
[BlackElo "1927"]
[PlyCount "60"]
[EventDate "2010.??.??"]

1. e4 c5 2. Nf3 Nf6 3. e5 Nd5 4. Nc3 Nxc3 5. dxc3 Nc6 6. Bf4 Qc7 7. Qd2 e6 8.
O-O-O h6 9. h4 b6 10. Bd3 Bb7 11. Be4 O-O-O 12. c4 Na5 13. Bxb7+ Kxb7 14. b3
Nc6 15. Rhe1 Be7 16. Bg3 a6 17. a4 Rhg8 18. Bf4 Bxh4 19. Nxh4 g5 20. Bg3 gxh4
21. Bxh4 Rc8 22. Qxd7 Rxg2 23. c3 Rg4 24. Bg3 Ne7 25. Qd2 Nf5 26. Bf4 Rg6 27.
Qe2 Rgg8 28. Rh1 Rcd8 29. Rde1 Qc6 30. Rh2 Rg6 1/2-1/2

[Event "XV Konik Morski Rewala - Open B"]
[Site "Rewal"]
[Date "2010.08.20"]
[Round "2.22"]
[White "Poswiatowski, Michal"]
[Black "Krzysztofiak, Zdzislaw"]
[Result "1-0"]
[WhiteElo "1925"]
[BlackElo "1664"]
[PlyCount "63"]
[EventDate "2010.??.??"]

1. e4 Nf6 2. e5 Nd5 3. d4 d6 4. f4 dxe5 5. fxe5 Nc6 6. Nf3 a6 7. c4 Nb6 8. d5
Nb8 9. Be3 Bg4 10. h3 Bh5 11. Nc3 N8d7 12. c5 Bxf3 13. Qxf3 Nxe5 14. Qe4 f6 15.
cxb6 cxb6 16. Bd3 e6 17. O-O-O Qc7 18. Kb1 f5 19. Qa4+ Qd7 20. Bb5 axb5 21.
Qxa8+ Kf7 22. dxe6+ Qxe6 23. Qxb7+ Be7 24. Qd5 Nc4 25. Rhe1 Qxd5 26. Nxd5 Nxe3
27. Rxe3 Bc5 28. Rf3 g6 29. g4 Ke6 30. gxf5+ gxf5 31. Nc7+ Ke5 32. Rd5+ 1-0

[Event "XV Konik Morski Rewala - Open B"]
[Site "Rewal"]
[Date "2010.08.20"]
[Round "2.23"]
[White "Kiolbasa, Oliwia"]
[Black "Najdzionek, Boleslaw"]
[Result "1-0"]
[WhiteElo "1593"]
[BlackElo "1924"]
[PlyCount "111"]
[EventDate "2010.??.??"]

1. e4 c5 2. Nf3 Nc6 3. d4 cxd4 4. Nxd4 g6 5. Nc3 Nf6 6. Nxc6 bxc6 7. e5 Ng8 8.
Bf4 Bb7 9. Bc4 e6 10. Ne4 Qc7 11. Nd6+ Bxd6 12. exd6 Qa5+ 13. c3 Qf5 14. Qf3 g5
15. Be3 Qxf3 16. gxf3 f6 17. h4 gxh4 18. Rxh4 h5 19. Ke2 a5 20. Rah1 Ba6 21.
Kd3 Bxc4+ 22. Kxc4 Rb8 23. b4 axb4 24. cxb4 Ra8 25. Kb3 Kf7 26. Rxh5 Rxh5 27.
Rxh5 e5 28. f4 Kg6 29. Rh1 Nh6 30. fxe5 Nf7 31. f4 fxe5 32. fxe5 Nxe5 33. a4
Kf5 34. a5 Ke4 35. Bb6 Kd5 36. Rd1+ Ke6 37. Bc5 Ra6 38. Ka4 Ra8 39. Kb3 Ra6 40.
Rd4 Ra8 41. Ka4 Kf5 42. b5 cxb5+ 43. Kxb5 Nc6 44. Ra4 Rb8+ 45. Bb6 Ke5 46. Kc5
Rc8 47. Bc7 Ra8 48. Kb6 Ke6 49. a6 Ra7 50. Re4+ Kd5 51. Re7 Ra8 52. Rxd7 Rg8
53. Rh7 Rg6 54. Rh5+ Ne5 55. a7 Rg8 56. Kb7 1-0

[Event "XV Konik Morski Rewala - Open B"]
[Site "Rewal"]
[Date "2010.08.20"]
[Round "2.25"]
[White "Choroszej, Aleksander"]
[Black "Szczurek, Natalia"]
[Result "1-0"]
[WhiteElo "2095"]
[BlackElo "1729"]
[PlyCount "53"]
[EventDate "2010.??.??"]

1. d4 d5 2. c4 e6 3. Nc3 Nf6 4. Nf3 Nbd7 5. e3 c6 6. Qc2 Bb4 7. Be2 O-O 8. O-O
dxc4 9. Bxc4 Nb6 10. Bd3 Nbd5 11. e4 Nxc3 12. bxc3 Be7 13. e5 Nd5 14. Bxh7+ Kh8
15. Be4 Qa5 16. Bd2 Qc7 17. Qd3 g6 18. h4 Rg8 19. Ng5 Kg7 20. h5 Bxg5 21. Bxg5
gxh5 22. Qg3 Kh8 23. Qh4 Kg7 24. Qxh5 Rh8 25. Bf6+ Nxf6 26. exf6+ Kg8 27. Qg5+
1-0

[Event "XV Konik Morski Rewala - Open B"]
[Site "Rewal"]
[Date "2010.08.20"]
[Round "2.26"]
[White "Janik, Lidia"]
[Black "Matuszczyk, Przemyslaw"]
[Result "0-1"]
[WhiteElo "1608"]
[BlackElo "2059"]
[PlyCount "66"]
[EventDate "2010.??.??"]

1. e4 b6 2. Nc3 Bb7 3. b3 e6 4. d4 Bb4 5. Bd2 Bxc3 6. Bxc3 Bxe4 7. Qg4 Bg6 8.
Qf3 d5 9. Bd3 Nf6 10. Ne2 Nbd7 11. Nf4 Bxd3 12. Qxd3 c5 13. O-O O-O 14. Bb2
cxd4 15. Nh3 e5 16. Rfe1 Rc8 17. f4 e4 18. Qxd4 Rxc2 19. Rad1 Nc5 20. Nf2 Ne6
21. Qe5 Rxf2 22. h3 Rxf4 23. g4 h6 24. Rf1 Nxg4 25. hxg4 Rxg4+ 26. Kh1 Qh4+ 27.
Qh2 Qxh2+ 28. Kxh2 Re8 29. Rf2 e3 30. Re2 d4 31. Rf1 Nf4 32. Rxf4 Rxf4 33. Kg3
g5 0-1

[Event "XV Konik Morski Rewala - Open B"]
[Site "Rewal"]
[Date "2010.08.20"]
[Round "2.27"]
[White "Szmidt, Przemyslaw"]
[Black "Polok, Robert"]
[Result "1-0"]
[WhiteElo "2033"]
[BlackElo "1795"]
[PlyCount "47"]
[EventDate "2010.??.??"]

1. e4 c5 2. Nf3 Nc6 3. d3 d6 4. g3 e5 5. Bg2 g6 6. Nc3 Nge7 7. Bg5 Bg7 8. Nd5
h6 9. Bf6 O-O 10. Qd2 Bxf6 11. Nxf6+ Kg7 12. Nd5 Nxd5 13. exd5 Ne7 14. c4 Bg4
15. Ng1 Bd7 16. h4 Ng8 17. Ne2 Qe7 18. O-O-O Rae8 19. f4 exf4 20. Nxf4 f5 21.
h5 Rf7 22. Rhe1 Qg5 23. Rxe8 Bxe8 24. Ne6+ 1-0

[Event "XV Konik Morski Rewala - Open B"]
[Site "Rewal"]
[Date "2010.08.20"]
[Round "2.28"]
[White "Krupa, Jerzy"]
[Black "Kwasniewski, Pawel"]
[Result "1-0"]
[WhiteElo "1947"]
[BlackElo "1478"]
[PlyCount "47"]
[EventDate "2010.??.??"]

1. e4 c6 2. c4 d5 3. cxd5 cxd5 4. exd5 Qxd5 5. Nc3 Qa5 6. Bc4 Nf6 7. Nf3 e6 8.
O-O Bd6 9. d4 O-O 10. Bd3 a6 11. Bd2 Qc7 12. Rc1 Nbd7 13. Bg5 Qb8 14. Qe2 b5
15. Ne4 Be7 16. Nxf6+ Nxf6 17. Ne5 Nd5 18. Nc6 Qd6 19. Bxe7 Nxe7 20. Nxe7+ Qxe7
21. Qe4 g6 22. Qxa8 Bb7 23. Qa7 Ra8 24. Qb6 1-0

[Event "XV Konik Morski Rewala - Open B"]
[Site "Rewal"]
[Date "2010.08.21"]
[Round "2.29"]
[White "Karwowski, Kacper"]
[Black "Szydlowski, Kazimierz"]
[Result "1/2-1/2"]
[WhiteElo "1761"]
[BlackElo "1906"]
[PlyCount "106"]
[EventDate "2010.??.??"]

1. e4 Nf6 2. e5 Nd5 3. c4 Nb6 4. d4 d6 5. Nf3 Bg4 6. Be2 Nc6 7. exd6 exd6 8.
O-O Be7 9. Nc3 O-O 10. b3 Qd7 11. d5 Bxf3 12. Bxf3 Ne5 13. Bb2 Nxf3+ 14. Qxf3
Bf6 15. Rab1 Rae8 16. Ne4 Bxb2 17. Rxb2 Qe7 18. Re2 Nd7 19. Rfe1 Ne5 20. Qe3 f5
21. Nc3 f4 22. Qh3 Rf6 23. Ne4 Rh6 24. Qf5 Qh4 25. h3 Rh5 26. g3 Rxf5 27. gxh4
h6 28. Kh1 Kf7 29. c5 Ke7 30. cxd6+ cxd6 31. Nc5 dxc5 32. Rxe5+ Rxe5 33. Rxe5+
Kd7 34. Rf5 Re2 35. Rxf4 Rxa2 36. Rf7+ Kd6 37. Rxb7 a5 38. Rxg7 Rxf2 39. Rg6+
Kxd5 40. Rxh6 Rf3 41. Kg2 Rxb3 42. Ra6 Rb4 43. h5 a4 44. h6 c4 45. h7 Rb8 46.
Rxa4 Rh8 47. Ra7 Kd4 48. Kf2 c3 49. Ke2 Ke4 50. Ra4+ Kf5 51. Rh4 Kg6 52. Kd3
Rxh7 53. Rxh7 Kxh7 1/2-1/2

[Event "XV Konik Morski Rewala - Open B"]
[Site "Rewal"]
[Date "2010.08.20"]
[Round "2.30"]
[White "Zawada, Jozef"]
[Black "Gorol, Jacek"]
[Result "0-1"]
[WhiteElo "1838"]
[BlackElo "1684"]
[PlyCount "110"]
[EventDate "2010.??.??"]

1. d4 g6 2. c4 d6 3. Nc3 Bg7 4. e4 Nf6 5. Be2 Nc6 6. Nf3 O-O 7. O-O Bg4 8. h3
Bxf3 9. Bxf3 e5 10. d5 Nd4 11. Be3 Nxf3+ 12. Qxf3 Nd7 13. Qe2 f5 14. exf5 gxf5
15. f4 a6 16. Qh5 Qe8 17. Qxe8 Raxe8 18. Bd2 e4 19. Rae1 Nc5 20. Re2 b6 21. Nd1
Nd3 22. Bc3 Bh6 23. g3 Kf7 24. Ne3 Kg8 25. Kh2 b5 26. b3 bxc4 27. Nxc4 Bg7 28.
Bxg7 Kxg7 29. Ne3 h5 30. Rc2 Re7 31. a3 Kf6 32. b4 Rg7 33. Rg2 Rb8 34. Rc2 Rb5
35. Rc3 a5 36. bxa5 Rxa5 37. Rb3 Ra8 38. Rc3 Rag8 39. Rg1 Nc5 40. Rc2 Ra8 41.
Rc3 Ra4 42. Rg2 Nd3 43. Rg1 Ra7 44. Ra1 Rb7 45. a4 Rb2+ 46. Rc2 Rb3 47. Re2 h4
48. g4 Nxf4 49. Ree1 Rb2+ 50. Kh1 Nxh3 51. Rf1 f4 52. a5 Nf2+ 53. Rxf2 Rxf2 54.
Nd1 Rd2 55. a6 Rg8 0-1

[Event "XV Konik Morski Rewala - Open B"]
[Site "Rewal"]
[Date "2010.08.20"]
[Round "2.31"]
[White "Nun, Ryszard"]
[Black "Weglarz, Joanna"]
[Result "0-1"]
[WhiteElo "1684"]
[BlackElo "2037"]
[PlyCount "86"]
[EventDate "2010.??.??"]

1. d4 d5 2. c4 e6 3. a3 c5 4. Nf3 Nf6 5. Bg5 a6 6. e3 Be7 7. Bd3 dxc4 8. Bxc4
b5 9. Be2 Bb7 10. Nc3 O-O 11. O-O Nbd7 12. dxc5 Nxc5 13. b4 Nce4 14. Nxe4 Nxe4
15. Qxd8 Bxd8 16. Bxd8 Rfxd8 17. Rac1 Rac8 18. Rfd1 Rxd1+ 19. Rxd1 Nc3 20. Re1
Nxe2+ 21. Rxe2 Bxf3 22. gxf3 Rc1+ 23. Kg2 Ra1 24. Rd2 Kf8 25. Rd3 Ke7 26. f4
Ra2 27. Kf3 f5 28. Kg3 h6 29. h4 Ra1 30. Kg2 g6 31. Kh2 Ra2 32. Kg3 Kf6 33. Kf3
Ra1 34. Kg2 Ke7 35. Kh2 h5 36. Kg2 Rc1 37. Kh2 Rc6 38. Kg3 Rd6 39. Rd4 Rxd4 40.
exd4 Kd6 41. Kf3 Kd5 42. Ke3 Kc4 43. f3 Kc3 0-1

[Event "XV Konik Morski Rewala - Open B"]
[Site "Rewal"]
[Date "2010.08.20"]
[Round "2.32"]
[White "Poswiatowski, Stanislaw"]
[Black "Karcz, Bartlomiej"]
[Result "0-1"]
[WhiteElo "1667"]
[BlackElo "1988"]
[PlyCount "72"]
[EventDate "2010.??.??"]

1. d4 Nf6 2. Nf3 d5 3. c4 e6 4. Nc3 Be7 5. cxd5 exd5 6. Qc2 c6 7. Bf4 O-O 8. e3
Re8 9. Bd3 Nbd7 10. O-O Nf8 11. Rab1 Ng6 12. Bg5 Ne4 13. Bxe7 Qxe7 14. b4 Bg4
15. Nd2 f5 16. b5 Qg5 17. Ne2 Nh4 18. Ng3 Nxd2 19. Qxd2 Bf3 20. Rfc1 Bxg2 21.
Qc2 Be4 22. Bxe4 fxe4 23. bxc6 bxc6 24. Qxc6 Nf3+ 25. Kh1 Qh4 26. Qxd5+ Kh8 27.
Qh5 Qf6 28. Qf5 Qa6 29. Rc2 Rf8 30. Qxe4 Qh6 31. h4 Nxh4 32. f4 Rae8 33. Qd3
Rxe3 34. Qxe3 Nf5+ 35. Rh2 Qc6+ 36. Qe4 Nxg3+ 0-1

[Event "XV Konik Morski Rewala - Open B"]
[Site "Rewal"]
[Date "2010.08.20"]
[Round "2.33"]
[White "Miechowicz, Witold"]
[Black "Zezulkin, Alina"]
[Result "1-0"]
[WhiteElo "1935"]
[BlackElo "1653"]
[PlyCount "106"]
[EventDate "2010.??.??"]

1. e4 c5 2. Nf3 Nc6 3. c3 Nf6 4. e5 Nd5 5. d4 cxd4 6. cxd4 e6 7. a3 d6 8. Bd3
Qb6 9. Bc2 Qc7 10. Qe2 Bd7 11. O-O Rc8 12. Bb3 Be7 13. Bxd5 exd5 14. Nc3 Be6
15. Nb5 Qd8 16. exd6 Bxd6 17. Nxd6+ Qxd6 18. Bd2 O-O 19. Qd3 h6 20. h3 Rfe8 21.
Rfe1 Qd7 22. Ne5 Nxe5 23. Rxe5 f6 24. Rh5 Bf7 25. Rh4 h5 26. Rf4 Rc6 27. Rf3
Re4 28. Rf4 Bg6 29. Qg3 Rxf4 30. Qxf4 Rc2 31. Bc3 Re2 32. Qf3 Re4 33. Qg3 Qf5
34. Qb8+ Kh7 35. Qxb7 Re2 36. Rf1 Qg5 37. Qc7 Be4 38. Qh2 Bd3 39. Qg3 Qf5 40.
Re1 Rxe1+ 41. Bxe1 Qe4 42. Bc3 h4 43. Qe3 Qxe3 44. fxe3 Kg6 45. Kf2 Kf5 46. Bb4
Ke4 47. Bf8 g6 48. Be7 Kf5 49. g3 hxg3+ 50. Kxg3 Ke6 51. Bd8 f5 52. Kf4 Kd6 53.
Kg5 Ke6 {Czas} 1-0

[Event "XV Konik Morski Rewala - Open B"]
[Site "Rewal"]
[Date "2010.08.20"]
[Round "2.34"]
[White "Ostrowska, Dominika"]
[Black "Panczuk, Joanna"]
[Result "1-0"]
[WhiteElo "1930"]
[BlackElo "1651"]
[PlyCount "63"]
[EventDate "2010.??.??"]

1. e4 e6 2. d4 d5 3. Nd2 c5 4. c3 Nc6 5. Ne2 cxd4 6. cxd4 dxe4 7. Nxe4 Nf6 8.
N4c3 Be7 9. g3 O-O 10. Bg2 h6 11. O-O Bd7 12. a3 a6 13. b4 b5 14. Nf4 Rc8 15.
d5 exd5 16. Ncxd5 Nxd5 17. Nxd5 Be6 18. Nxe7+ Qxe7 19. Bb2 Rfd8 20. Qh5 Qf8 21.
Rac1 Ne7 22. Bb7 Rxc1 23. Rxc1 Rd6 24. Be5 Rb6 25. Bg2 Bc4 26. Re1 Ng6 27. Bd4
Re6 28. Rxe6 Bxe6 29. Be4 Ne7 30. Qe5 Nc8 31. Bb7 Bc4 32. Bxc8 1-0

[Event "XV Konik Morski Rewala - Open B"]
[Site "Rewal"]
[Date "2010.08.20"]
[Round "2.35"]
[White "Hagner, Pawel"]
[Black "Kowalski, Maciej"]
[Result "0-1"]
[WhiteElo "1901"]
[BlackElo "1649"]
[PlyCount "44"]
[EventDate "2010.??.??"]

1. d4 d5 2. Nf3 Nf6 3. Bg5 e6 4. e3 c5 5. c3 Nc6 6. Nbd2 Bd6 7. Bd3 O-O 8. Qe2
h6 9. Bh4 c4 10. Bc2 Be7 11. Ne5 Nxe5 12. dxe5 Nd7 13. Bg3 a5 14. a4 Nc5 15.
Nf3 Bd7 16. Nd4 Qb6 17. Bf4 Qxb2 18. Bh7+ Kxh7 19. Qxb2 Nd3+ 20. Ke2 Nxb2 21.
Rhb1 Nd3 22. Rxb7 Nc5 0-1

[Event "XV Konik Morski Rewala - Open B"]
[Site "Rewal"]
[Date "2010.08.20"]
[Round "2.36"]
[White "Dziodzio, Angelika"]
[Black "Dzierzak, Radoslaw"]
[Result "1/2-1/2"]
[WhiteElo "1820"]
[BlackElo "1608"]
[PlyCount "60"]
[EventDate "2010.??.??"]

1. e4 d5 2. exd5 Qxd5 3. Nc3 Qa5 4. Bc4 Nf6 5. d3 Bf5 6. Qf3 c6 7. Bd2 e6 8. h3
Nbd7 9. g4 Ne5 10. Qd1 Nxc4 11. dxc4 Bg6 12. Rc1 O-O-O 13. Qe2 Qb6 14. b3 Ba3
15. Na4 Qc7 16. Ra1 Bxc2 17. Bc3 Bd3 18. Qe3 c5 19. Ne2 Bc2 20. f3 Rd3 21. Qf2
Rhd8 22. O-O a6 23. Rae1 Bd1 24. Qg2 Bxe2 25. Rxe2 Qc6 26. Ba5 R8d6 27. Be1 Rd1
28. Bg3 Rxf1+ 29. Qxf1 Rd3 30. Kg2 Rd8 1/2-1/2

[Event "XV Konik Morski Rewala - Open B"]
[Site "Rewal"]
[Date "2010.08.20"]
[Round "2.37"]
[White "Mirski, Roman"]
[Black "Korcz, Daniel"]
[Result "0-1"]
[WhiteElo "1592"]
[BlackElo "1804"]
[PlyCount "102"]
[EventDate "2010.??.??"]

1. e4 e5 2. f4 Bc5 3. Nf3 d6 4. b4 Bb6 5. Nc3 Nd7 6. Nd5 Ngf6 7. Nxb6 axb6 8.
d3 exf4 9. Bxf4 Nf8 10. Be2 Ng6 11. Bd2 b5 12. O-O O-O 13. Bc3 c6 14. h3 h6 15.
Nh2 Ne5 16. Qe1 Be6 17. Qg3 Bxa2 18. Bxe5 dxe5 19. Qxe5 Re8 20. Qg3 Qd4+ 21.
Kh1 Kh8 22. Qe1 Ra3 23. c3 Qd7 24. Qd2 Nxe4 25. Bg4 Nxd2 26. Bxd7 Nxf1 27. Bxe8
Ng3+ 28. Kg1 Ne2+ 29. Kf2 Nxc3 30. Bxf7 Ra4 31. Bg6 Rxb4 32. Re1 Rf4+ 33. Kg3
Rf8 34. Nf3 Nd5 35. Nd4 b4 36. Re2 Nf4 37. Rxa2 Nxg6 38. Ra4 c5 39. Ne6 Rc8 40.
Ra7 Rc6 41. Nd8 Rb6 42. Ra8 Kh7 43. h4 h5 44. Nf7 Ne7 45. Kf4 Rf6+ 46. Kg5 Rxf7
47. Kxh5 b3 48. Rb8 Nd5 49. g4 Nf4+ 50. Kg5 Nh3+ 51. Kh5 g6# 0-1

[Event "XV Konik Morski Rewala - Open B"]
[Site "Rewal"]
[Date "2010.08.20"]
[Round "2.38"]
[White "Stankowski, Aleksander"]
[Black "Jasniewicz, Rafal"]
[Result "1/2-1/2"]
[WhiteElo "1804"]
[BlackElo "1588"]
[PlyCount "24"]
[EventDate "2010.??.??"]

1. e4 e5 2. Nf3 Nc6 3. d4 exd4 4. Nxd4 d6 5. Bb5 Bd7 6. Bxc6 Bxc6 7. Nxc6 bxc6
8. O-O g6 9. c3 Bg7 10. Be3 Nf6 11. f3 O-O 12. Na3 a6 1/2-1/2

[Event "XV Konik Morski Rewala - Open B"]
[Site "Rewal"]
[Date "2010.08.20"]
[Round "2.39"]
[White "Botor, Michalina"]
[Black "Szmer, Aleksander"]
[Result "0-1"]
[WhiteElo "1785"]
[BlackElo "1574"]
[PlyCount "78"]
[EventDate "2010.??.??"]

1. c4 e6 2. Nc3 d5 3. cxd5 exd5 4. d4 Nf6 5. Bg5 Nbd7 6. Nxd5 Nxd5 7. Bxd8 Bb4+
8. Qd2 Bxd2+ 9. Kxd2 Kxd8 10. e4 Ne7 11. Bc4 b6 12. f3 f5 13. Re1 fxe4 14. fxe4
Bb7 15. Nf3 Nf6 16. Ng5 Ke8 17. Bf7+ Kd8 18. Bc4 Kc8 19. Kd3 Bc6 20. Ba6+ Bb7
21. Bc4 Ng6 22. Rhf1 Rd8 23. Be6+ Kb8 24. Rf5 h6 25. Nf7 Re8 26. d5 Nf8 27. Re5
Nxe6 28. Rxe6 Rxe6 29. dxe6 Bxe4+ 30. Kd4 Kb7 31. Ke5 Bg6 32. Rd1 Re8 33. Nd8+
Kc8 34. Nc6 Bf7 35. e7 Nd7+ 36. Kf5 g6+ 37. Kf4 Nf6 38. Ke5 Nd5 39. Ke4 Nxe7
0-1